[Event "Autumn Cup"]
[Site "Wellington Chess Club"]
[Date "2018.04.26"]
[Round "1.1.2"]
[White "Nyberg, Michael"]
[Black "Timergazi, Layla"]
[Result "1/2-1/2"]
[WhiteElo "2109"]
[BlackElo "2119"]

1. d4 d5 2. Nf3 c6 3. e3 Nf6 4. b3 Bg4 5. Bd3 e6 6. Nbd2 Bb4 7. O-O O-O 8. c4
Nbd7 9. Qc2 Qe7 10. Bb2 Bxd2 11. Nxd2 e5 12. f3 Bh5 13. Rae1 Rfe8 14. Qc1 Bg6
15. Bb1 a5 16. Ba3 Qe6 17. Bb2 Bxb1 18. Nxb1 b5 19. Na3 b4 20. Nb1 a4 21. Nd2
a3 22. Ba1 e4 23. fxe4 Nxe4 24. Nxe4 Qxe4 25. Qd2 Rab8 26. Rf4 Qg6 27. Qe2 Nf6
28. cxd5 Nxd5 29. Rf3 Qe4 30. Qc4 Re6 31. Qc5 Rbe8 32. Rg3 Nf4 33. d5 Rg6 34.
Qd4 Qxd4 35. Bxd4 Rxg3 36. hxg3 Nxd5 37. Kf2 f5 38. Rc1 Rc8 39. Rc5 Kf7 40. Ke2
g6 41. Kd3 Ke6 42. Ra5 Nf6 43. Ra7 Ne4 44. Rxh7 c5 45. Ba1 Nxg3 46. Rg7 Ne4 47.
Rxg6+ Kf7 48. Rg7+ Ke6 49. Rg6+ Kf7 50. Rg7+ Ke6 51. g4 Nf2+ 52. Kc4 Nxg4 53.
Rg6+ Kf7 54. Rg7+ Ke6 55. Rg6+ Kf7 56. Rg7+ Ke6 57. Rg6+ 1/2-1/2

[Event "Autumn Cup"]
[Site "Wellington Chess Club"]
[Date "2018.04.26"]
[Round "1.2.1"]
[White "Sellen, Ian"]
[Black "Forster, Bill"]
[Result "0-1"]
[WhiteElo "2085"]
[BlackElo "2051"]

1. c4 Nf6 2. Nc3 c6 3. d4 d5 4. Bf4 dxc4 5. e4 b5 6. f3 e6 7. Nge2 Nbd7 8. g4
h6 9. Ng3 Qb6 10. Qd2 Bb7 11. Be3 a6 12. Qf2 Qc7 13. Be2 c5 14. d5 exd5 15.
exd5 Nxd5 16. Nxd5 Bxd5 17. Rd1 Bb7 18. O-O O-O-O 19. f4 Qc6 20. f5 Be7 21. Bf4
Bf6 22. Bf3 Qxf3 23. Qxf3 Bxf3 0-1

[Event "Autumn Cup"]
[Site "Wellington Chess Club"]
[Date "2018.04.26"]
[Round "1.2.2"]
[White "Jackson, Ross"]
[Black "Winter, Ryan"]
[Result "0-1"]
[WhiteElo "1986"]
[BlackElo "1999"]

1. d4 d5 2. c4 e6 3. Nc3 Nf6 4. cxd5 exd5 5. Bg5 c6 6. e3 Be7 7. Bd3 Nbd7 8.
Nf3 O-O 9. O-O Re8 10. a3 Nf8 11. Qc2 Ng6 12. b4 a6 13. Rab1 Bd6 14. a4 h6 15.
Bxf6 Qxf6 16. b5 axb5 17. axb5 Bg4 18. Nd2 Qg5 19. f4 Qf6 20. bxc6 bxc6 21.
Rbe1 Nh4 22. h3 Bf5 23. Kh1 Qg6 24. Nde4 dxe4 25. Bc4 Be6 26. Bxe6 Qxe6 27. g4
Bb4 28. Rc1 Bxc3 29. Qxc3 Ra2 30. Rc2 Nf3 31. Rff2 Rea8 32. Kg2 Ra1 33. Rc1
Rxc1 34. Qxc1 Ra2 35. Qb1 Rxf2+ 36. Kxf2 Qe7 37. Ke2 Qe6 38. Qc2 h5 39. f5 Qd5
40. Kf2 hxg4 41. hxg4 Ng5 42. Qb2 Qd6 43. Qc3 Qh2+ 44. Ke1 Nf3+ 45. Kd1 Qf2 46.
g5 Qg1+ 47. Kc2 Qxg5 48. Qxc6 Qxe3 49. Qe8+ Kh7 50. Qxf7 Nxd4+ 51. Kb2 Qb3+ 52.
Qxb3 Nxb3 53. Kxb3 Kh6 54. Kc4 Kg5 0-1

[Event "Autumn Cup"]
[Site "Wellington Chess Club"]
[Date "2018.04.26"]
[Round "1.2.3"]
[White "Pomeroy, Arthur"]
[Black "Rossiter, Philip"]
[Result "1-0"]
[WhiteElo "2093"]
[BlackElo "2010"]

1. e4 e6 2. d4 d5 3. Nc3 Nf6 4. Bg5 Bb4 5. e5 h6 6. Bd2 Bxc3 7. bxc3 Ne4 8. Qg4
Kf8 9. Nf3 c5 10. Bd3 Nxd2 11. Kxd2 c4 12. Be2 Nc6 13. h4 b5 14. Qf4 Rb8 15. a3
a5 16. g4 Qe7 17. g5 hxg5 18. hxg5 Rxh1 19. Rxh1 Qxa3 20. g6 f5 21. exf6 1-0

[Event "Autumn Cup"]
[Site "Wellington Chess Club"]
[Date "2018.04.26"]
[Round "1.3.3"]
[White "Aldridge, Alan"]
[Black "Benitez, Edgar"]
[Result "0-1"]
[WhiteElo "1934"]
[BlackElo "1908"]

1. b3 d5 2. Bb2 Nf6 3. e3 c5 4. f4 g6 5. Nf3 Bg7 6. Bb5+ Bd7 7. Qe2 O-O 8. O-O
Nc6 9. d3 a6 10. Bxc6 Bxc6 11. Nbd2 b5 12. Ne5 Bb7 13. Ndf3 Rc8 14. a4 Qb6 15.
axb5 axb5 16. Qd2 Ra8 17. b4 c4 18. Bd4 Qc7 19. Qc3 h6 20. Rxa8 Rxa8 21. h3 Bc8
22. Re1 Qb7 23. Ng4 Bxg4 24. hxg4 Ra6 25. g5 hxg5 26. Nxg5 Qa8 27. Ra1 Ra2 28.
Nf3 Qa4 29. Rxa2 Qxa2 30. Qb2 Qa4 31. Kf1 cxd3 32. cxd3 Qd1+ 33. Ne1 Nh5 34.
Bxg7 Nxg7 35. Qc2 Qg4 36. Nf3 Nf5 37. Qe2 Ng3+ 0-1

[Event "Autumn Cup"]
[Site "Wellington Chess Club"]
[Date "2018.04.26"]
[Round "1.4.1"]
[White "Stoeveken, Peter"]
[Black "Wevers, Alexis"]
[Result "1-0"]
[WhiteElo "1815"]
[BlackElo "1821"]

1. d4 Nf6 2. Bg5 d5 3. Bxf6 exf6 4. Nd2 Be6 5. Ngf3 Nc6 6. c3 f5 7. e3 a6 8.
Bd3 Bd6 9. Qc2 Qd7 10. Qb3 Na5 11. Qc2 Nc6 12. a3 h6 13. Nh4 f4 14. e4 Qe7 15.
Nhf3 dxe4 16. Nxe4 Bd5 17. O-O-O O-O 18. Rde1 Rfe8 19. g4 fxg3 20. hxg3 Bxe4
21. Rxe4 Qf6 22. Qe2 Re7 23. Nd2 Rae8 24. f4 Kf8 25. Qf3 Nd8 26. g4 Rxe4 27.
Bxe4 c6 28. Rf1 Ne6 29. f5 Ng5 30. Qg2 Qe7 31. Bd3 Qe3 32. Kc2 Bf4 33. Nc4 Qg3
34. Qxg3 Bxg3 35. Na5 Re7 36. f6 gxf6 37. Rxf6 Kg7 38. Rf5 Bh2 39. Rf2 Bg3 40.
Re2 Rc7 41. Nc4 Ne6 42. Ne3 h5 43. Nf5+ 1-0

[Event "Autumn Cup"]
[Site "Wellington Chess Club"]
[Date "2018.04.26"]
[Round "1.4.2"]
[White "Sole, Michael"]
[Black "Day, Fabian"]
[Result "1/2-1/2"]
[WhiteElo "1782"]
[BlackElo "1778"]

1. e4 e5 2. Nf3 Nc6 3. Bb5 a6 4. Ba4 Nf6 5. O-O b5 6. Bb3 Bc5 7. a4 Rb8 8. c3
d6 9. d4 Bb6 10. axb5 axb5 11. Na3 O-O 12. Nxb5 Bg4 13. Bc2 Bxf3 14. gxf3 Nh5
15. f4 Nxf4 16. Bxf4 exf4 17. Qg4 Qf6 18. b4 Ne7 19. Kh1 c5 20. bxc5 dxc5 21.
Ra6 Ra8 22. Rfa1 Rxa6 23. Rxa6 Qc6 24. Bd3 c4 25. Bxc4 Qxc4 26. Rxb6 Qf1+ 27.
Qg1 Qd3 {draw agreed} 1/2-1/2

[Event "Autumn Cup"]
[Site "Wellington Chess Club"]
[Date "2018.04.26"]
[Round "1.4.3"]
[White "Chen, Wei Kai"]
[Black "Farrington, Lawrence"]
[Result "1/2-1/2"]
[WhiteElo "1885"]
[BlackElo "1769"]

1. b3 e5 2. Bb2 d6 3. e3 g6 4. Nf3 Bg7 5. Be2 Ne7 6. O-O Nbc6 7. d4 O-O 8. c4
exd4 9. Nxd4 Nxd4 10. Bxd4 Bxd4 11. exd4 d5 12. Nc3 c6 13. Bf3 Be6 14. c5 Nf5
15. Qd2 Qf6 16. Rad1 Nh4 17. Be2 h5 18. Rfe1 Rae8 19. Qd3 Nf5 20. b4 Nh6 21. b5
Bf5 22. Qg3 Kh7 23. Rd2 Be6 24. Red1 Nf5 25. Qf3 Qg7 26. Bf1 Re7 27. a4 Nh4 28.
Qf4 Rfe8 29. Re1 Nf5 30. a5 Bd7 31. Rxe7 Rxe7 32. b6 a6 33. h3 Bc8 34. Ne2 Qh6
35. Qxh6+ Nxh6 36. Nf4 Re1 37. Re2 Rxe2 38. Nxe2 Nf5 39. g3 Kg7 40. Kg2 Kf6 41.
Kf3 g5 42. Kg2 Ke7 43. Kf3 Kd8 44. g4 hxg4+ 45. hxg4 Nh6 46. Bh3 Ng8 47. Kg3
Nf6 48. f4 Ne4+ 49. Kf3 f6 50. Ke3 gxf4+ 51. Nxf4 Ng5 52. Kf2 Ne4+ 53. Ke3
{Draw agreed} 1/2-1/2

[Event "Autumn Cup"]
[Site "Wellington Chess Club"]
[Date "2018.04.26"]
[Round "1.5.1"]
[White "Rabina, Romeo"]
[Black "He, Caleb"]
[Result "0-1"]
[WhiteElo "1725"]
[BlackElo "1717"]

1. e4 c5 2. Nf3 Nc6 3. d4 cxd4 4. Nxd4 g6 5. Be2 Bg7 6. c3 Nf6 7. Nd2 d6 8. O-O
O-O 9. b3 Bd7 10. Bb2 a6 11. f4 b5 12. N4f3 Qb6+ 13. Kh1 Ng4 14. Qe1 Ne3 15.
Qf2 Qa7 16. Rfc1 Nb4 17. a3 Nc6 18. h3 f5 19. Bd3 fxe4 20. Bxe4 d5 21. Bd3 Rxf4
22. Qg3 Raf8 23. Re1 e5 24. Bb1 e4 25. Nh4 Nf1 26. Qg5 Nxd2 27. Qxd5+ Kh8 28.
Bc2 Nf1 29. Qg5 Ne3 0-1

[Event "Autumn Cup"]
[Site "Wellington Chess Club"]
[Date "2018.04.26"]
[Round "1.5.2"]
[White "Hall, Nathan"]
[Black "Forlong-Ford, Colwyn"]
[Result "1-0"]
[WhiteElo "1529"]
[BlackElo "1701"]

1. d4 e6 2. Bf4 d5 3. Nf3 Nf6 4. e3 Bb4+ 5. c3 Bd6 6. Bg5 h6 7. Bh4 Nbd7 8. Bd3
c5 9. e4 g5 10. Nxg5 hxg5 11. Bxg5 cxd4 12. exd5 exd5 13. cxd4 Rxh2 14. Rxh2
Bxh2 15. Nd2 Bd6 16. Qf3 Be7 17. O-O-O Nb6 18. Re1 Be6 19. Bb5+ Nfd7 20. Rxe6
fxe6 21. Qh5+ Kf8 22. Bh6+ Kg8 23. Qg6+ Kh8 24. Qg7# 1-0

[Event "Autumn Cup"]
[Site "Wellington Chess Club"]
[Date "2018.04.26"]
[Round "1.7.2"]
[White "Bennett, Ezra"]
[Black "He, Paul"]
[Result "0-1"]
[WhiteElo "1429"]
[BlackElo "1223"]

1. Nf3 Nf6 2. g3 d5 3. d4 c5 4. c3 Bf5 5. Nbd2 e6 6. Bg2 Nc6 7. Qa4 Qd7 8. Nb3
Bc2 9. dxc5 Bxb3 10. axb3 Bxc5 11. Be3 Bxe3 12. fxe3 O-O 13. O-O e5 14. c4 dxc4
15. bxc4 Ng4 16. c5 Nxe3 17. Nxe5 Nxe5 18. Qxd7 Nxd7 19. c6 Nxf1 20. Kxf1 bxc6
21. Bxc6 Rad8 22. Bf3 Ne5 23. Bh1 Rd7 24. b4 Rfd8 25. Ke1 Rb8 26. Ra5 Nc4 27.
Rc5 Nd6 28. Bc6 Rc7 29. b5 a6 30. Rd5 Nxb5 0-1

[Event "Autumn Cup"]
[Site "Wellington Chess Club"]
[Date "2018.05.03"]
[Round "2.1.1"]
[White "Timergazi, Layla"]
[Black "Ker, Anthony"]
[Result "0-1"]
[WhiteElo "2119"]
[BlackElo "2472"]

1. d4 Nf6 2. c4 e6 3. Nc3 Bb4 4. g3 c5 5. Nf3 Ne4 6. Qd3 cxd4 7. Nxd4 Qa5 8.
Bd2 Nxd2 9. Qxd2 Bxc3 10. bxc3 O-O 11. Bg2 Qc5 12. Qd3 Nc6 13. Nb3 Qe7 14. c5
b6 15. O-O Bb7 16. Qb5 Rab8 17. cxb6 Ba8 18. Rfd1 d5 19. c4 Rxb6 20. Qc5 dxc4
21. Qxc4 Ne5 22. Qc3 Bxg2 23. Kxg2 f6 24. Nd4 Qb7+ 25. Kg1 Rc8 26. Qe1 Qe4 27.
Qa5 Rd6 28. Qxa7 Rcd8 29. e3 Nf3+ 30. Nxf3 Rxd1+ 31. Rxd1 Rxd1+ 32. Kg2 h5 33.
Qb8+ Kh7 34. Qe8 Rd5 35. Qc6 h4 36. h3 hxg3 37. Kxg3 Qg6+ 38. Kh2 Qf5 39. Kg2
Ra5 40. Qc4 Qg6+ 41. Kh2 Rf5 42. Qh4+ Rh5 43. Qg3 Qxg3+ 44. Kxg3 Ra5 45. Nd4 e5
46. Nf5 Rxa2 47. e4 g6 48. Ne7 Kh6 49. Nd5 f5 50. f3 f4+ 51. Kh4 Rg2 0-1

[Event "Autumn Cup"]
[Site "Wellington Chess Club"]
[Date "2018.05.03"]
[Round "2.1.2"]
[White "Dive, Russell"]
[Black "Nyberg, Michael"]
[Result "1-0"]
[WhiteElo "2453"]
[BlackElo "2109"]

1. Nf3 Nf6 2. c4 d6 3. g3 e5 4. Bg2 c6 5. O-O Be7 6. Nc3 O-O 7. d4 e4 8. Ng5 d5
9. cxd5 cxd5 10. Nh3 Nc6 11. Bg5 h6 12. Bxf6 Bxf6 13. e3 Be6 14. Nf4 Qd7 15.
Rc1 Rfd8 16. f3 exf3 17. Qxf3 Ne7 18. Nh5 Nf5 19. Nxf6+ gxf6 20. Qf4 Qe7 21.
Rf2 Rd6 22. Re1 Rad8 23. Bf1 Bc8 24. Bd3 Ng7 25. e4 Ne6 26. Qd2 Ng5 27. Nxd5
Rxd5 28. exd5 Qd6 29. Bf5 Qxd5 30. Qd3 Bxf5 31. Qxf5 Qxd4 32. h4 Nh7 33. Re4
Qb6 34. Rg4+ Kh8 35. Kg2 Qc6+ 36. Qf3 Qe6 37. a3 b6 38. Re4 Qc8 39. Rfe2 Rg8
40. Re7 Qc4 41. Qe4 Qb3 42. Qe3 Qd5+ 43. Kh2 Qh5 44. Rxa7 Ng5 45. Rf2 Nh7 46.
Rb7 b5 47. Qd3 Qc5 48. Rf5 Qc1 49. Rbxb5 Qe1 50. Rf1 Qe6 51. a4 Rg4 52. a5 Re4
53. Rf2 Qg4 54. Rb8+ Kg7 55. Qd8 h5 56. Qg8+ Kh6 57. Qxg4 hxg4 58. b4 f5 59. a6
Nf6 60. a7 1-0

[Event "Autumn Cup"]
[Site "Wellington Chess Club"]
[Date "2018.05.03"]
[Round "2.2.1"]
[White "Sellen, Ian"]
[Black "Jackson, Ross"]
[Result "0-1"]
[WhiteElo "2085"]
[BlackElo "1986"]

1. c4 e5 2. Nc3 Nf6 3. g3 d5 4. cxd5 Nxd5 5. Bg2 Nxc3 6. bxc3 c6 7. Qc2 Bd6 8.
Nf3 O-O 9. O-O Nd7 10. d4 h6 11. Nh4 Qf6 12. Nf5 Bc7 13. e4 Nb6 14. Ne3 exd4
15. cxd4 Qxd4 16. Bb2 Qa4 17. Qc3 f6 18. f4 Be6 19. Nd5 Nxd5 20. exd5 Bb6+ 21.
Kh1 Bxd5 22. Bxd5+ cxd5 0-1

[Event "Autumn Cup"]
[Site "Wellington Chess Club"]
[Date "2018.05.03"]
[Round "2.2.2"]
[White "Forster, Bill"]
[Black "Rossiter, Philip"]
[Result "1/2-1/2"]
[WhiteElo "2051"]
[BlackElo "2010"]

1. d4 Nf6 2. c4 e6 3. g3 d5 4. Bg2 Be7 5. Nf3 O-O 6. O-O Bd7 7. Ne5 Nc6 8. b3
Rb8 9. Bb2 Ne4 10. f3 Nd6 11. e4 dxc4 12. Nxc4 Nxc4 13. bxc4 Na5 14. Qe2 c5 15.
d5 b5 16. Na3 Nxc4 17. Nxc4 bxc4 18. Rfd1 Qb6 19. Bc3 Ba4 20. Rd2 Rfd8 21. Rb2
Qd6 22. Rab1 Bf8 23. f4 Rxb2 24. Rxb2 exd5 25. exd5 Rb8 26. Qxc4 Rxb2 27. Bxb2
Qb6 28. Qc3 c4+ 29. Kf1 Bd7 30. Qd4 Qb4 31. Qc3 Qb6 32. Qd4 Qb4 33. Qc3 Qb6 34.
Qd4 1/2-1/2

[Event "Autumn Cup"]
[Site "Wellington Chess Club"]
[Date "2018.05.03"]
[Round "2.3.1"]
[White "Wilkins, Mark"]
[Black "Brockway, Andrew"]
[Result "1-0"]
[WhiteElo "1922"]
[BlackElo "1888"]

1. d4 Nf6 2. Bg5 c5 3. Bxf6 gxf6 4. Nf3 cxd4 5. Nxd4 Nc6 6. e3 Qb6 7. Nb3 d6 8.
Nc3 Be6 9. Nd5 Bxd5 10. Qxd5 a6 11. a3 Ne5 12. g3 Qc6 13. Qxc6+ Nxc6 14. Bg2
O-O-O 15. O-O e6 16. Rfd1 Be7 17. Rac1 d5 18. Nd4 Nxd4 19. Rxd4 f5 20. c4 Kb8
21. cxd5 e5 22. Rd2 Bd6 23. Bh3 f4 24. e4 Rhe8 25. Rd3 Re7 26. Rdc3 Rc7 27.
Rxc7 Bxc7 28. Rc3 Re8 29. Rb3 Ka7 30. Rd3 Bd6 31. Bg4 Re7 32. gxf4 exf4 33. Bf5
f6 34. Rh3 Rg7+ 35. Kf1 Rc7 36. Kg2 Rg7+ 37. Kf3 Be5 38. b3 Rc7 39. Bxh7 Rc3+
40. Kg2 f3+ 41. Rxf3 Rxf3 42. Kxf3 Bxh2 43. Kg4 Kb6 44. f4 Kc7 45. Kf5 Kd6 46.
Bg8 Bg3 47. Bf7 b6 48. Kg4 Be1 49. Be6 Bc3 50. Kf3 Bb2 51. a4 Bc1 52. Bc8 a5
53. Ba6 Bd2 54. Bc4 Bc1 55. Bb5 Bd2 56. Kg4 Bc3 57. Kf5 Ke7 58. Kg6 Kd6 1-0

[Event "Autumn Cup"]
[Site "Wellington Chess Club"]
[Date "2018.05.03"]
[Round "2.3.2"]
[White "Mullan, Brett"]
[Black "Benitez, Edgar"]
[Result "1/2-1/2"]
[WhiteElo "1920"]
[BlackElo "1908"]

1. e4 e5 2. Nf3 Nc6 3. d4 exd4 4. Nxd4 Bc5 5. Be3 Qf6 6. c3 Nge7 7. Bb5 Nxd4 8.
cxd4 Bb4+ 9. Nc3 Qg6 10. Qf3 O-O 11. O-O c6 12. Bc4 d6 13. a3 Ba5 14. b4 Bc7
15. h3 Kh8 16. Bf4 Be6 17. Bd3 f5 18. Qg3 Qxg3 19. fxg3 Ng6 20. Be3 fxe4 21.
Bxe4 Bc4 22. Rxf8+ Nxf8 23. Bf3 d5 24. Kf2 Re8 25. Bf4 Bb6 26. Rd1 Kg8 27. Rd2
Ne6 28. Be3 g6 29. Na4 Bd8 30. Nb2 b5 31. Nd3 Bf6 32. Ne5 Nxd4 33. Nd7 Nxf3 34.
Nxf6+ Kf7 35. Nxe8 Nxd2 36. Bxd2 Kxe8 37. g4 Ke7 38. Bc3 Ke6 39. g3 a6 40. Ke3
Bf1 41. h4 h5 42. Kf4 Bh3 43. Kg5 Bxg4 44. Kxg6 Kd6 45. Bd4 Kc7 46. Kf6 Kb7 47.
Ke5 1/2-1/2

[Event "Autumn Cup"]
[Site "Wellington Chess Club"]
[Date "2018.05.03"]
[Round "2.4.1"]
[White "Stoeveken, Peter"]
[Black "Sole, Michael"]
[Result "0-1"]
[WhiteElo "1815"]
[BlackElo "1782"]

1. d4 Nf6 2. Bg5 c5 3. Bxf6 gxf6 4. Nf3 cxd4 5. Nxd4 Qb6 (5... Nc6 { This is
what Andrew played against Mark in the game accross from me } ) 6. Nb3 Bg7 7.
c3 f5 8. e3 d6 9. N1d2 Nd7 10. Bd3 Nf6 11. Qc2 e6 12. Nc4 Qc7 13. O-O-O d5 14.
Ncd2 Bd7 15. f3 a5 16. e4 a4 17. Nd4 a3 18. b3 fxe4 19. Be2 Rc8 20. fxe4 Qxc3
21. Qxc3 Rxc3+ 22. Kb1 Nxe4 23. Nxe4 dxe4 24. Nb5 Re3 25. Bc4 Bb2 26. Nd6+ Ke7
27. Nxb7 Bc6 28. Nc5 Rd8 29. Rxd8 Kxd8 30. Rd1+ Ke7 31. Ba6 Rc3 32. Bc4 Kf6 33.
Na6 Bd5 34. Bb5 e3 35. Nb4 Be4+ 0-1

[Event "Autumn Cup"]
[Site "Wellington Chess Club"]
[Date "2018.05.03"]
[Round "2.4.2"]
[White "Wevers, Alexis"]
[Black "Farrington, Lawrence"]
[Result "0-1"]
[WhiteElo "1821"]
[BlackElo "1769"]

1. d4 d5 2. Bf4 Nf6 3. Nf3 e6 4. e3 Bd6 5. Bxd6 cxd6 6. c4 Nc6 7. Nc3 dxc4 8.
Bxc4 d5 9. Be2 a6 10. a3 O-O 11. O-O Bd7 12. Na4 Ne4 13. b4 b6 14. Qb3 Ne7 15.
Nc3 Nxc3 16. Qxc3 Ba4 17. Rfc1 Rc8 18. Qb2 Bb5 19. Rxc8 Nxc8 20. Bxb5 axb5 21.
Rc1 Nd6 22. Qa2 Nc4 23. a4 Qa8 24. Rc2 Qxa4 25. Qb1 Na3 0-1

[Event "Autumn Cup"]
[Site "Wellington Chess Club"]
[Date "2018.05.03"]
[Round "2.5.2"]
[White "He, Caleb"]
[Black "Dixon, Hamish"]
[Result "0-1"]
[WhiteElo "1717"]
[BlackElo "1708"]

1. e4 e6 2. d4 d5 3. Nc3 dxe4 4. Nxe4 Nf6 5. Ng3 b6 6. c3 Bb7 7. Nf3 Be7 8. Be2
O-O 9. O-O c5 10. dxc5 Bxc5 11. Bg5 h6 12. Qxd8 Rxd8 13. Bxf6 gxf6 14. Rfd1 Nc6
15. b4 Bf8 16. a3 Rac8 17. Rxd8 Rxd8 18. Rd1 Rd6 19. Rxd6 Bxd6 20. Ne4 Be7 21.
Kf1 Nxb4 22. Nxf6+ Bxf6 23. cxb4 Kf8 24. Ne1 Bb2 25. a4 Bc3 26. b5 Bxe1 27.
Kxe1 Bxg2 28. Kd2 Ke7 29. Kc3 Kd6 30. Kd4 e5+ 31. Kc4 Bd5+ 32. Kc3 Kc5 33. h4
f5 34. Bd3 e4 35. Bf1 f4 36. Be2 e3 37. fxe3 fxe3 38. h5 Bf7 39. Kd3 Bc4+ 40.
Kxe3 Bxe2 0-1

[Event "Autumn Cup"]
[Site "Wellington Chess Club"]
[Date "2018.05.03"]
[Round "2.6.3"]
[White "Konakanchi, Karthik"]
[Black "Stracy, Don"]
[Result "0-1"]
[WhiteElo "1586"]
[BlackElo "1631"]

1. e4 c5 2. Nf3 e6 3. c3 Nf6 4. e5 Nd5 5. d4 cxd4 6. cxd4 d6 7. Bc4 Nb6 8. Bb3
dxe5 9. dxe5 Qxd1+ 10. Bxd1 Be7 11. O-O O-O 12. Nc3 Nc6 13. Bb3 Na5 14. Bc2 Bd7
15. Bg5 Bxg5 16. Nxg5 h6 17. Nf3 Rfd8 18. Rad1 Rac8 19. Be4 Bc6 20. b4 Bxe4 21.
Nxe4 Nac4 22. Nc5 Rxd1 23. Rxd1 Nd5 24. Rc1 b5 25. Na6 Rc6 26. Nb8 Rb6 27. Nd7
Ra6 28. Nd4 Rxa2 29. Nxb5 Nxb4 30. g3 Rc2 31. Ra1 a5 32. Na3 Nxa3 33. Rxa3 Rd2
34. Nb6 Ra2 35. Rxa2 Nxa2 36. Kf1 Nb4 37. Ke2 Nc6 38. f4 f6 39. exf6 gxf6 40.
Kd3 Kf7 41. Ke4 Ke7 42. f5 e5 43. Kd5 Nd4 44. Ke4 h5 45. h3 Ne2 46. g4 hxg4 47.
hxg4 Nc3+ 48. Kd3 Nb5 49. Ke4 Nc7 50. g5 fxg5 51. Kxe5 Ne8 52. Nd5+ Kf7 53. Ne3
a4 54. f6 a3 55. Kf5 a2 56. Nc2 Nxf6 57. Kxg5 Ke6 58. Kf4 Kd5 59. Ke3 Kc4 60.
Kd2 Kb3 61. Kc1 Ne4 62. Na1+ Kc3 63. Nc2 Nd2 64. Kd1 Nb3 0-1

[Event "Autumn Cup"]
[Site "Wellington Chess Club"]
[Date "2018.05.03"]
[Round "2.7.2"]
[White "Stannard, Bobby"]
[Black "He, Paul"]
[Result "0-1"]
[WhiteElo "1306"]
[BlackElo "1223"]

1. d4 Nf6 2. c4 e6 3. Nc3 Bb4 4. Bd2 c5 5. e3 d5 6. a3 Bxc3 7. Bxc3 cxd4 8.
exd4 Ne4 9. Qc2 Nxc3 10. Qxc3 dxc4 11. Bxc4 Nc6 12. Nf3 Bd7 13. O-O O-O 14. b4
Rc8 15. Bd3 Ne5 16. Qb3 Nxf3+ 17. gxf3 Bc6 18. Be4 Qxd4 19. Qb1 f5 20. Bxc6
Rxc6 21. Qb3 Kh8 22. Rad1 Qf6 23. Rd7 Rb6 24. Rfd1 e5 25. Qd5 e4 26. Rd8 exf3
27. Rxf8+ Qxf8 28. Qd8 Rf6 29. Qd5 b6 30. Qxf3 Rg6+ 31. Kf1 h6 32. Rd5 Rg5 33.
h4 Rg6 34. Rxf5 Qe7 35. Qf4 Qd7 36. Qe4 Qd1+ 37. Qe1 Qd3+ 38. Qe2 Rg1+ 39. Kxg1
Qxe2 40. Rf7 Qg4+ 41. Kf1 Qc4+ 0-1

[Event "Autumn Cup"]
[Site "Wellington Chess Club"]
[Date "2018.05.03"]
[Round "2.7.5"]
[White "Sole, Christopher"]
[Black "Asher, Bruce"]
[Result "1-0"]
[WhiteElo "1143"]
[BlackElo "1263"]

1. e4 e5 2. Nf3 Nf6 3. Nc3 Nc6 4. d4 exd4 5. Nxd4 Bc5 6. Be3 d6 7. Bb5 Bd7 8.
h3 O-O 9. Nxc6 bxc6 10. Bd3 Bxe3 11. fxe3 Re8 12. Qf3 d5 13. O-O-O Qe7 14. exd5
Qc5 15. dxc6 Bxc6 16. Qg3 g6 17. Rde1 Rab8 18. Kd2 Nd5 19. Nxd5 Qxd5 20. b3
Qa5+ 21. Ke2 Rbd8 22. a4 f5 23. Kf2 Rf8 24. Kg1 Qb6 25. Kh2 f4 26. exf4 Qd4 27.
Rhf1 Rd5 28. Bc4 Rd8 29. Bxd5+ Qxd5 30. Re7 Kh8 31. Qc3+ Qd4 32. Qxc6 Rf8 33.
Qxc7 Qf6 34. Rxh7+ Kg8 35. Rd1 g5 36. Rdd7 Qxf4+ 37. Qxf4 1-0

[Event "Autumn Cup"]
[Site "Wellington Chess Club"]
[Date "2018.05.10"]
[Round "3.1.1"]
[White "Ker, Anthony"]
[Black "Dive, Russell"]
[Result "1-0"]
[WhiteElo "2472"]
[BlackElo "2453"]

1. e4 e5 2. Nf3 Nf6 3. d4 Nxe4 4. Bd3 d5 5. dxe5 Be7 6. O-O Nc5 7. Be2 O-O 8.
c4 dxc4 9. Bxc4 Be6 10. Bxe6 Nxe6 11. Nc3 Nc6 12. Be3 Qxd1 13. Rfxd1 Rfe8 14.
Nd5 Bf8 15. Rac1 Rac8 16. a3 a5 17. Kf1 h6 18. h4 Ne7 19. Nxe7+ Bxe7 20. Rd5
Ra8 21. h5 Red8 22. Rcd1 Kf8 23. Ke2 Ke8 24. Rxd8+ Rxd8 25. Nd4 Nxd4+ 26. Rxd4
Rxd4 27. Bxd4 Kd7 28. e6+ Kxe6 29. Bxg7 Bf6 30. Bxh6 Bxb2 31. a4 c6 32. Bd2 b6
33. g4 f6 34. Kd3 Be5 35. f4 Bc7 36. Kc4 Bd8 37. Be3 Kf7 38. g5 fxg5 39. fxg5
Kg7 40. Bd4+ Kh7 41. Bf6 Bc7 42. Kd4 Bd6 43. Ke4 b5 44. axb5 cxb5 45. Kf5 Bf8
46. g6+ Kh6 47. Kg4 Bb4 48. Bg5+ Kg7 49. Kf5 Bc3 50. h6+ Kg8 51. Bf6 1-0

[Event "Autumn Cup"]
[Site "Wellington Chess Club"]
[Date "2018.05.10"]
[Round "3.1.2"]
[White "Nijman, Brian"]
[Black "Timergazi, Layla"]
[Result "1-0"]
[WhiteElo "2155"]
[BlackElo "2119"]

1. d4 c6 2. Bf4 Nf6 3. c4 d5 4. e3 e6 5. Nf3 Nbd7 6. h3 Qa5+ 7. Nbd2 Be7 8. a3
dxc4 9. Bxc4 b5 10. Be2 O-O 11. O-O a6 12. a4 Qb6 13. Qb3 Bb7 14. Rfc1 Nd5 15.
Bg3 Nb4 16. Ne4 c5 17. Nxc5 Bxc5 18. dxc5 bxa4 19. Rxa4 Nxc5 20. Qxb4 Nxa4 21.
Qxa4 Qxb2 22. Rc2 Qb1+ 23. Kh2 Rfc8 24. Rd2 Rc1 25. Be5 Rh1+ 26. Kg3 Qg6+ 27.
Qg4 Qxg4+ 28. hxg4 Bd5 29. Nd4 a5 30. Nb5 a4 31. Nc7 Rc8 32. Ba6 Rf8 33. Nxd5
exd5 34. Rxd5 f6 35. Bc4 Kh8 36. Bd6 Rd8 37. Ra5 h5 38. Bc5 h4+ 39. Kf3 h3 40.
Be7 hxg2 41. Kxg2 Rdd1 42. Rxa4 Rdg1+ 43. Kf3 Rh3+ 44. Kf4 g5+ 45. Kf5 Rf3+ 46.
Kg6 1-0

[Event "Autumn Cup"]
[Site "Wellington Chess Club"]
[Date "2018.05.10"]
[Round "3.1.3"]
[White "Nyberg, Michael"]
[Black "Croad, Nicolas"]
[Result "0-1"]
[WhiteElo "2109"]
[BlackElo "2422"]

1. b3 e5 2. e3 g6 3. Bb2 Bg7 4. Nf3 Nc6 5. Bb5 Nge7 6. h4 h5 7. d4 exd4 8. Nxd4
O-O 9. Nxc6 bxc6 10. Bxg7 Kxg7 11. Bd3 Nd5 12. Bc4 Qf6 13. Qd4 Qxd4 14. exd4 a5
15. Kd2 Nb6 16. Bd3 d6 17. c4 c5 18. dxc5 dxc5 19. Nc3 Bd7 20. Ne4 Bc6 21. Nxc5
Bxg2 22. Rhe1 Rfd8 23. Re7 a4 24. Ne6+ Kf6 25. Nxd8 Kxe7 26. Rg1 axb3 27. axb3
Ra2+ 28. Ke3 Ba8 29. Nxf7 Kxf7 30. Bxg6+ Kf8 31. Rg3 Rb2 32. Bxh5 Rxb3+ 33. Kd4
Rb2 34. c5 Rb4+ 35. Kd3 Nd7 36. Re3 Nf6 37. Bg6 Rxh4 38. Re6 Kg7 39. Ra6 Kxg6
40. Rxa8 Kf7 41. Ra7 Nd5 42. f3 Ke6 43. Ra6+ Ke5 44. Ra8 Rd4+ 45. Ke2 Rc4 46.
Re8+ Kd4 47. c6 Rc2+ 48. Kd1 Rxc6 49. Kd2 Ra6 50. Re4+ Kc5 51. Re5 Ra2+ 52. Kd3
Rf2 53. Rf5 Ra2 54. Re5 Ra3+ 55. Ke2 Kd6 56. Rf5 c5 57. Kd2 c4 58. Rf8 Ra2+ 59.
Kc1 Kc5 60. Kb1 Rf2 61. Kc1 Kd4 62. Kd1 Nb4 63. Rd8+ Kc3 64. Rf8 Nd3 0-1

[Event "Autumn Cup"]
[Site "Wellington Chess Club"]
[Date "2018.05.10"]
[Round "3.2.1"]
[White "Pomeroy, Arthur"]
[Black "Sellen, Ian"]
[Result "1/2-1/2"]
[WhiteElo "2093"]
[BlackElo "2085"]

1. e4 e6 2. d4 d5 3. Nc3 Nf6 4. Bg5 Be7 5. e5 Nfd7 6. Bxe7 Qxe7 7. f4 a6 8. Nf3
c5 9. dxc5 Qxc5 10. Qd4 Nc6 11. Qxc5 Nxc5 12. Bd3 b5 13. O-O b4 14. Ne2 Bd7 15.
Ned4 Nxd4 16. Nxd4 O-O 17. Rfc1 f6 18. exf6 gxf6 19. Bf1 Ne4 20. c4 bxc3 21.
bxc3 Nd2 22. Be2 1/2-1/2

[Event "Autumn Cup"]
[Site "Wellington Chess Club"]
[Date "2018.05.10"]
[Round "3.2.2"]
[White "Rossiter, Philip"]
[Black "Winter, Ryan"]
[Result "0-1"]
[WhiteElo "2010"]
[BlackElo "1999"]

1. e4 c6 2. d4 d5 3. Nc3 dxe4 4. Nxe4 Nd7 5. Bc4 Ngf6 6. Ng5 e6 7. Qe2 Nb6 8.
Bb3 h6 9. N5f3 Bd6 10. Bd2 Qc7 11. Ne5 c5 12. Ngf3 Bd7 13. dxc5 Bxc5 14. O-O-O
a5 15. Nxd7 Nbxd7 16. Rhe1 O-O 17. Bc3 Rfc8 18. Ne5 Nf8 19. Ng4 Qf4+ 20. Ne3 a4
21. g3 Qe4 22. Bxe6 Qxe6 23. Bxf6 Qxf6 24. Nd5 Qa6 25. Qf3 Qc4 26. Kb1 Ne6 27.
Re4 Nd4 28. Rexd4 Bxd4 29. Ne7+ Kh8 30. Nxc8 Rxc8 31. c3 Bf6 32. Qxb7 a3 33.
Qd5 Qxd5 34. Rxd5 Rb8 0-1